000
00282pam a2200121a 44500
008
230405s1996 xxu||||| |||| 00| 0 eng d
041
_a
ENG
100
_a
Ernest Hemingway
245
_a
The old Man & the sea
260
_a
Delhi
_b
Rupa & Co.
_c
1996
300
_a
110
906
_a
2476
999
_c
293819
_d
293819